Team zebra : how 1500 partners revitalized Eastman Kodak's black and white film-making flow. / (Record no. 976)
[ view plain ]
| 000 -LEADER | |
|---|---|
| fixed length control field | 01159nam a22002297a 4500 |
| 003 - CONTROL NUMBER IDENTIFIER | |
| control field | OSt |
| 005 - DATE AND TIME OF LATEST TRANSACTION | |
| control field | 20210414113945.0 |
| 008 - FIXED-LENGTH DATA ELEMENTS--GENERAL INFORMATION | |
| fixed length control field | 120529t xxu||||| |||| 00| 0 eng d |
| 020 ## - INTERNATIONAL STANDARD BOOK NUMBER | |
| International Standard Book Number | 0471147397 |
| 040 ## - CATALOGING SOURCE | |
| Transcribing agency | a |
| 050 ## - LIBRARY OF CONGRESS CALL NUMBER | |
| Classification number | HD9708.V64E274 |
| 100 ## - MAIN ENTRY--PERSONAL NAME | |
| Personal name | Frangos, Stephen J. |
| 245 ## - TITLE STATEMENT | |
| Title | Team zebra : how 1500 partners revitalized Eastman Kodak's black and white film-making flow. / |
| Statement of responsibility, etc. | Stephen J Frangos and Steven J Bennett |
| 260 ## - PUBLICATION, DISTRIBUTION, ETC. | |
| Place of publication, distribution, etc. | New York: |
| Name of publisher, distributor, etc. | John Willey and Sons, |
| Date of publication, distribution, etc. | 1993. |
| 300 ## - PHYSICAL DESCRIPTION | |
| Extent | xxii, 226 p.: |
| Other physical details | ill; |
| Dimensions | 22cm. |
| 500 ## - GENERAL NOTE | |
| General note | Includes index. |
| 505 ## - FORMATTED CONTENTS NOTE | |
| Formatted contents note | Contents: Introduction: You press the button, we do the rest --From minting silver dollars to squeezing copper pennies -- Mother kodak -- Flow is a go-this morning -- Straight talk at the park -- Bandages and tourniquets for a bleeding zebra -- Racing acts of empowerment -- The Zebra lives -- Formal strategies for a new B&W -- Up the learning organization: building capabilities in black and white -- The magic behind team zebra -- Visions of black and white. |
| 650 ## - SUBJECT ADDED ENTRY--TOPICAL TERM | |
| Topical term or geographic name entry element | Crisis Management. |
| General subdivision | Teams- |
| 650 ## - SUBJECT ADDED ENTRY--TOPICAL TERM | |
| Topical term or geographic name entry element | Teambuilding. |
| 700 ## - ADDED ENTRY--PERSONAL NAME | |
| Personal name | Bennett, Steven J. |
| 942 ## - ADDED ENTRY ELEMENTS (KOHA) | |
| Source of classification or shelving scheme | Library of Congress Classification |
| Koha item type | Books |
| Withdrawn status | Lost status | Source of classification or shelving scheme | Damaged status | Not for loan | Home library | Current library | Shelving location | Date acquired | Total Checkouts | Full call number | Barcode | Date last seen | Copy number | Price effective from | Koha item type |
|---|---|---|---|---|---|---|---|---|---|---|---|---|---|---|---|
| Library of Congress Classification | WISCONSIN INTERNATIONAL UNIVERSITY COLLEGE, GHANA - MAIN LIBRARY | WISCONSIN INTERNATIONAL UNIVERSITY COLLEGE, GHANA - MAIN LIBRARY | General Stacks | 29/05/2012 | HD9708.V64E274 | 1997/12 | 29/05/2012 | 1 | 29/05/2012 | Books |
